000 00427nam a2200157 i 4500
001 78016
003 ES-MaACL
005 20230906173510.0
007 t|
008 041008s1968 sp ||||1| spa d
100 1 _aHarris, Arthur.
_961902
245 1 0 _aOfensiva de bombardeo /
_cArthur Harris.
260 _aMadrid :
_bFermín Uriarte,
_c[1968]
300 _a331 p., 8 lám. ;
_c21 cm.
852 _aES-MaACL
_jC-35576
_bR.68345
999 _c78016
_d78016